| 000 | 00000nam##2200000za#4500 |
| 001 | 9.688008 |
| 003 | CaOODSP |
| 005 | 20210624231230 |
| 007 | cr ||||||||||| |
| 008 | 150407|2005||||xxc|||||o f|0| 0 eng|d |
| 020 | |a0-662-42426-3 |
| 040 | |aCaOODSP|beng |
| 043 | |an-cn--- |
| 086 | 1 |aSW21-133/2005E-PDF |
| 110 | 1 |aCanada.|bStatus of Women Canada. |bPolicy Research. |
| 245 | 10|aHuman security and aboriginal women in Canada / |h[electronic resource]|cby Connie Deiter and Darlene Rude. |
| 260 | |aOttawa - Ontario : |bStatus of Women Canada. |c2005. |
| 300 | |a91p. |
| 504 | |aBibliography. |
| 520 | 3 |aThis report contributes to the discussion of women and security by making the connections between Aboriginal women, protest, and human security. It begins with a literature review of gender and protest, Aboriginal women and protest, human security, the constitutional rights of Aboriginal people, Aboriginal protest, and Bill C-36 (the anti-terrorism legislation). The findings, discussed in terms of motivation to action, gender roles and impacts, outcomes, and human security, lead to 10 recommendations. |
| 590 | |a06-19|b2006-05-12 |
| 590 | |a06-10-Supp|b2006-12-15 |
| 690 | 07|aWomen|2gcpds |
| 690 | 07|aIndigenous peoples|2gcpds |
| 690 | 07|aHuman security|2gcpds |
| 720 | 1 |aRude, Darlene |
| 720 | 1 |aDeiter, Connie |
| 775 | 08|tLa sécurité humaine et les femmes autochtones au Canada / |w(CaOODSP)9.632449 |
| 776 | 0#|tHuman security and aboriginal women in Canada / |w(CaOODSP)9.667177 |
| 776 | 0#|tLa sécurité humaine et les femmes autochtones au Canada / |w(CaOODSP)9.667178 |
| 856 | 40|ahttp://publications.gc.ca|qPDF|s615 KB|uhttps://publications.gc.ca/collections/Collection/SW21-133-2005E.pdf |